00837nam a22002057a 450000500170000000800410001702000180005804000570007604100080013310000240014124500630016526000460022830000180027450400530029250501270034565000220047265000490049465000460054365100420058920140903174931.0131001s2012 xxu frn 001 0 eng  a9780815610076 aCO-BoUCMcAngélica RojasdAldemar Mondragónbspa00aeng1 aSamuel, Lawrence R.14aThe American dream a cultural historycLawrence R. Samuel aSyracusebSyracuse University Pressc2012 a241 páginas aIncluye referencias bibliográficas e índices aThe epic of America -- The status seekers -- The anti-paradise -- Born in the USA -- The anxious society -- American idol. 4aSueño americano 7aCaracterísticas nacionaleszEstados Unidos 7aCultura popularzEstados UnidosxHistoria 4aEstados UnidosxCivilizacióny1945-